000 00869cam a2200289 4500
001 J85584
008 090401t1997 xxu||||| |||| 00| 0 eng d
035 _a(Sirsi) u80005
041 _aeng
050 _a333.337
110 _aKnight Frank
_91530
245 _aManagement matters. - July 1997
260 _aLondon
_bKnight Frank
_c1997
300 _a1 pt. ; 30cm.
350 _a0
520 _aConcerned mainly with the Management of Health and Safety at Work Regulations 1992.
650 _aHEALTH AND SAFETY
_96244
650 _aLANDLORD AND TENANT
_96252
650 _aMANAGED PROPERTY
650 _aMANAGEMENT MATTERS
650 _aMANAGEMENT OF HEALTH AND SAFETY AT WORK REGULATIONS 1992
650 _aMANAGING AGENTS
650 _aProperty management
_96262
690 _aOFFICE SERVICES AND ADMINISTRATION
942 _n0
948 _c29/07/1997
999 _c96580
_d96580